<?xml version="1.0" encoding="UTF-8"?><?xml-stylesheet type="text/xsl" href="static/style.xsl"?><OAI-PMH xmlns="http://www.openarchives.org/OAI/2.0/" xmlns:xsi="http://www.w3.org/2001/XMLSchema-instance" xsi:schemaLocation="http://www.openarchives.org/OAI/2.0/ http://www.openarchives.org/OAI/2.0/OAI-PMH.xsd"><responseDate>2026-04-13T04:13:35Z</responseDate><request verb="GetRecord" identifier="oai:www.recercat.cat:20.500.12327/875" metadataPrefix="marc">https://recercat.cat/oai/request</request><GetRecord><record><header><identifier>oai:recercat.cat:20.500.12327/875</identifier><datestamp>2025-10-22T11:09:58Z</datestamp><setSpec>com_2072_4428</setSpec><setSpec>com_2072_4427</setSpec><setSpec>col_2072_487898</setSpec></header><metadata><record xmlns="http://www.loc.gov/MARC21/slim" xmlns:dcterms="http://purl.org/dc/terms/" xmlns:xsi="http://www.w3.org/2001/XMLSchema-instance" xmlns:doc="http://www.lyncode.com/xoai" xsi:schemaLocation="http://www.loc.gov/MARC21/slim http://www.loc.gov/standards/marcxml/schema/MARC21slim.xsd">
   <leader>00925njm 22002777a 4500</leader>
   <datafield ind2=" " ind1=" " tag="042">
      <subfield code="a">dc</subfield>
   </datafield>
   <datafield ind2=" " ind1=" " tag="720">
      <subfield code="a">Gifre-Renom, L.</subfield>
      <subfield code="e">author</subfield>
   </datafield>
   <datafield ind2=" " ind1=" " tag="720">
      <subfield code="a">Carratalá, J. V.</subfield>
      <subfield code="e">author</subfield>
   </datafield>
   <datafield ind2=" " ind1=" " tag="720">
      <subfield code="a">Parés, S.</subfield>
      <subfield code="e">author</subfield>
   </datafield>
   <datafield ind2=" " ind1=" " tag="720">
      <subfield code="a">Sánchez-García, L.</subfield>
      <subfield code="e">author</subfield>
   </datafield>
   <datafield ind2=" " ind1=" " tag="720">
      <subfield code="a">Ferrer-Miralles, N.</subfield>
      <subfield code="e">author</subfield>
   </datafield>
   <datafield ind2=" " ind1=" " tag="720">
      <subfield code="a">Villaverde, A.</subfield>
      <subfield code="e">author</subfield>
   </datafield>
   <datafield ind2=" " ind1=" " tag="720">
      <subfield code="a">Bach, A.</subfield>
      <subfield code="e">author</subfield>
   </datafield>
   <datafield ind2=" " ind1=" " tag="720">
      <subfield code="a">Garcia-Fruitos, Elena</subfield>
      <subfield code="e">author</subfield>
   </datafield>
   <datafield ind2=" " ind1=" " tag="720">
      <subfield code="a">Alomar, Oscar</subfield>
      <subfield code="e">author</subfield>
   </datafield>
   <datafield ind2=" " ind1=" " tag="260">
      <subfield code="c">2020-07-09</subfield>
   </datafield>
   <datafield ind2=" " ind1=" " tag="520">
      <subfield code="a">The cow dry period is a non-milking interval where the mammary gland involutes and regenerates&#xd;
to guarantee an optimal milk production in the subsequent lactation. Important bottlenecks such&#xd;
as the high risk of intramammary infections complicate the process. Antibiotics have been routinely&#xd;
used as a preventive treatment but the concerns about potential antibiotic resistance open a new&#xd;
scenario in which alternative strategies have to be developed. Matrix metalloproteinase-9 (MMP-9) is&#xd;
an enzyme able to degrade the extracellular matrix, triggering the involution and immune function of&#xd;
cow mammary gland. We have studied the infusion into the mammary gland of MMP-9 inclusion bodies&#xd;
as protein-based nanoparticles, demonstrating that 1.2 mg of MMP-9 enhanced the involution and&#xd;
immune function of the cow mammary gland. However, the comparison of the efects triggered by the&#xd;
administration of an active and an inactive form of MMP-9 led to conclude that the response observed&#xd;
in the bovine mammary gland was mainly due to the protein format but not to the biological activity of&#xd;
the MMP-9 embedded in the inclusion body. This study provides relevant information on the future use&#xd;
of protein inclusion bodies in cow mammary gland and the role of MMP-9 at dry-of.</subfield>
   </datafield>
   <datafield ind1="8" ind2=" " tag="024">
      <subfield code="a">Gifre-Renom, L., J. V. Carratalá, S. Parés, L. Sánchez-García, N. Ferrer-Miralles, A. Villaverde, A. Bach, Elena Garcia-Fruitós, and Anna Arís. 2020. "Potential Of MMP-9 Based Nanoparticles At Optimizing The Cow Dry Period: Pulling Apart The Effects Of MMP-9 And Nanoparticles". Scientific Reports 10 (1). doi:10.1038/s41598-020-67176-2.</subfield>
   </datafield>
   <datafield ind1="8" ind2=" " tag="024">
      <subfield code="a">2045-2322</subfield>
   </datafield>
   <datafield ind1="8" ind2=" " tag="024">
      <subfield code="a">http://hdl.handle.net/20.500.12327/875</subfield>
   </datafield>
   <datafield ind1="8" ind2=" " tag="024">
      <subfield code="a">https://doi.org/10.1038/s41598-020-67176-2</subfield>
   </datafield>
   <datafield ind2="0" ind1="0" tag="245">
      <subfield code="a">Potential of MMP-9 based nanoparticles at optimizing the cow dry period: pulling apart the effects of MMP-9 and nanoparticles</subfield>
   </datafield>
</record></metadata></record></GetRecord></OAI-PMH>